000 00377nam a2200145Ia 4500
008 191201s2004 xx 000 0 und d
082 _a004.21
_bGRC
100 _aGROOVER, Mikell P
245 0 _aC A D/ C A M Computer Aided Design and Manufacturing
250 _a4th
260 _aN.Delhi
_bPearson Education
_c2004
300 _a511
650 _aB.Tech(ME)
942 _2ddc
_cBK
999 _c1103
_d1103